Catálogo

Derecho internacional privado y justicia material / (Registro nro. 65260)

Detalles MARC
000 -LEADER
fixed length control field 01171cam a2200313 i 4500
001 - CONTROL NUMBER
control field 65260
003 - CONTROL NUMBER IDENTIFIER
control field Mx-PuUPA
005 - DATE AND TIME OF LATEST TRANSACTION
control field 20210923125024.0
008 - FIXED-LENGTH DATA ELEMENTS--GENERAL INFORMATION
fixed length control field 060510s2006 mx grl 000 0 spa d
020 ## - INTERNATIONAL STANDARD BOOK NUMBER
International Standard Book Number 9700766357
040 ## - CATALOGING SOURCE
Original cataloging agency Mx-PuUPA
Modifying agency Mx-PuUPA
Transcribing agency Mx-PuUPA
Description conventions rda
Language of cataloging spa
041 1# - LANGUAGE CODE
Language code of text/sound track or separate title spa
Language code of original eng
100 1# - MAIN ENTRY--PERSONAL NAME
Personal name Juenger, Friedrich K.
Relator term autor
Dates associated with a name 1930 2001
9 (RLIN) 11427
245 10 - TITLE STATEMENT
Title Derecho internacional privado y justicia material /
Statement of responsibility, etc. Friedrich K. Juenger ; traducción, Diego P. Fernández Arroyo, Cecilia Fresnedo de Aguirre
250 ## - EDITION STATEMENT
Edition statement Primera edición
264 #1 - PRODUCTION, PUBLICATION, DISTRIBUTION, MANUFACTURE, AND COPYRIGHT NOTICE
Place of production, publication, distribution, manufacture México, D.F. :
Name of producer, publisher, distributor, manufacturer Editorial Porrúa,
Date of production, publication, distribution, manufacture, or copyright notice 2006
300 ## - PHYSICAL DESCRIPTION
Extent lxxxii, 293 páginas ;
Accompanying material 23 cm
336 ## - CONTENT TYPE
Fuente rdacontent
Content type term texto
Content type code txt
337 ## - MEDIA TYPE
Source rdamedia
Media type term sin medio
Media type code n
338 ## - CARRIER TYPE
Source rdacarrier
Carrier type term volumen
Carrier type code nc
650 #4 - SUBJECT ADDED ENTRY--TOPICAL TERM
Topical term or geographic name entry element Conflicto
General subdivision Leyes
Geographic subdivision Estados Unidos
650 #4 - SUBJECT ADDED ENTRY--TOPICAL TERM
Topical term or geographic name entry element Derecho internacional Privado
650 #4 - SUBJECT ADDED ENTRY--TOPICAL TERM
Topical term or geographic name entry element Derecho internacional privado
General subdivision Discursos, ensayos, conferencias
700 1# - ADDED ENTRY--PERSONAL NAME
Personal name Fernández Arroyo, Diego P.,
Relator term traductor
700 1# - ADDED ENTRY--PERSONAL NAME
Personal name Fresnedo de Aguirre, Cecilia,
Relator term traductor
942 ## - ADDED ENTRY ELEMENTS (KOHA)
Source of classification or shelving scheme Dewey Decimal Classification
Classification part 340.921
Item part J933
Koha item type Libro
Existencias
Withdrawn status Lost status Source of classification or shelving scheme Damaged status Not for loan Collection code Home library Current library Shelving location Date acquired Full call number Barcode Date last seen Price effective from Koha item type
    Dewey Decimal Classification     General Tehuacán Tehuacán Sala general 27/04/2021 340.921 J933 2006 968000000598 08/01/2025 27/04/2021 Libro